[Event "94th ch-GBR"]
[Site "Great Yarmouth ENG"]
[Date "2007.08.02"]
[Round "4"]
[White "Knott,S"]
[Black "Hebden,M"]
[Result "1/2-1/2"]
[WhiteElo "2374"]
[BlackElo "2540"]

1.Nf3 Nf6 2.c4 g6 3.Nc3 Bg7 4.e4 d6 5.d4 O-O 6.Be2 e5 7.O-O Nc6 8.d5 Ne7
9.Ne1 Nd7 10.Nd3 f5 11.Bd2 Nf6 12.f3 f4 13.g4 g5 14.Be1 h5 15.h3 Ng6 16.Kg2 Rf7
17.Rh1 Bf8 18.Bf2 Be7 19.c5 Nh4+ 20.Bxh4 gxh4 21.Qb3 Qf8 22.Rag1 hxg4 23.hxg4 Nh7
24.c6 bxc6 25.dxc6 Ng5 26.Nf2 Be6 27.Bc4 Rb8 28.Bxe6 Rxb3 29.Bxb3 Qb8 30.Nh3 Kg7
31.Nxg5 Bxg5 32.Kh3 Qb6 33.Rg2 Rf8 34.Bd5 Rb8 35.Re2 Qa6 36.a3 Qd3 37.Kg2 a5
38.Rf2 Rh8 39.Kh3 Qe3 40.Rhf1 Rb8 41.Re2 Qd3 42.Rff2 Rb6 43.Rc2 a4 44.Rce2 Rxb2
45.Rxb2 Qxc3 46.Rb1 Qxa3 47.Rff1 Qd3 48.Rbd1 Qa6 49.Rf2 a3 50.Rff1 Be7 51.Rb1 Kh6
52.Rbd1 Kg5 53.Rb1 Qe2  1/2-1/2

[Event "MTO"]
[Site "Biel SUI"]
[Date "2007.08.03"]
[Round "11"]
[White "Harika,D"]
[Black "Klenburg,M"]
[Result "0-1"]
[WhiteElo "2478"]
[BlackElo "2387"]

1.d4 d6 2.Nf3 Nf6 3.c4 g6 4.Nc3 Bg7 5.e4 O-O 6.Be2 e5 7.O-O Nc6 8.d5 Ne7
9.b4 Nh5 10.Re1 f5 11.Ng5 Nf6 12.f3 Kh8 13.Ne6 Bxe6 14.dxe6 Nh5 15.c5 Nf4
16.Bc4 fxe4 17.fxe4 Nc6 18.Rf1 Nd4 19.Bxf4 exf4 20.Rc1 dxc5 21.Qg4 c6 22.bxc5 Qe7
23.Ne2 Qxc5 24.Kh1 Nxe2 25.Bxe2 Qe5 26.Bc4 Rad8 27.Qh4 Bf6 28.Qxf4 Qxf4 29.Rxf4 Bg5
30.Rxf8+ Rxf8 31.Rd1 Rd8 32.Rf1 b5 33.Bb3 a5 34.a4 Rd3 35.Rf3 Rd4 36.h4 Be7
37.axb5 a4 38.Ba2 cxb5 39.Bd5 Rd1+ 40.Kh2 Rc1 41.Rf7 Rc7 42.Kh3 b4 43.g3 b3
44.Kg4 b2 45.Ba2 a3 46.Kh3 h5 47.Kg2 Rb7 48.Bb1 Kg8 49.Kh3 Ra7 50.Ba2 Rc7
51.Kg2 Rb7 52.Bb1 Ra7 53.Ba2 b1=Q 54.Bxb1 a2 55.Bxa2 Rxa2+ 56.Kh3 Ra7 57.g4 Ra3+
58.Kg2 Bxh4 59.gxh5 gxh5 60.Rf5 Ra6 61.Rxh5 Bf6 62.Kf3 Rxe6 63.Rf5 Kg7 64.Kf4 Ra6
65.Rd5 Kg6 66.Rd3 Kf7 67.e5 Be7 68.Kf5 Ra1 69.Rd4 Rh1 70.Rf4 Rh5+ 71.Kg4+ Kg6
72.Re4 Rh4+ 73.Kf3 Rh1 74.e6 Kf5 75.Re2 Rh3+ 76.Kg2 Ra3 77.Kf2 Ra7 78.Kf3 Bd6
79.Re3 Be5 80.e7 Rxe7 81.Ke2 Ra7 82.Kf3 Ra4 83.Rb3 Rf4+ 84.Kg2 Ke4 85.Rb4+ Bd4
86.Rb7 Rg4+  0-1

[Event "Tsiolkovsky Mem"]
[Site "Kaluga RUS"]
[Date "2007.08.04"]
[Round "2"]
[White "Vlasov,An"]
[Black "Egorov,P"]
[Result "1-0"]
[WhiteElo "2262"]
[BlackElo "1882"]

1.d4 Nf6 2.Nf3 g6 3.c4 Bg7 4.Nc3 O-O 5.e4 d6 6.Be2 e5 7.O-O Nc6 8.d5 Ne7
9.b4 Nd7 10.a4 h6 11.Ba3 f5 12.c5 Nf6 13.Nd2 fxe4 14.Ndxe4 Nxe4 15.Nxe4 Nf5
16.b5 h5 17.a5 b6 18.cxb6 axb6 19.a6 Bd7 20.Rb1 Nd4 21.Bc1 Bf5 22.Bd3 Qe8
23.Be3 Qf7 24.Rc1 Bxe4 25.Bxe4 Nf5 26.Qd3 Ra7 27.Rc2 Qf6 28.Rc4 Rf7 29.Qd2 Nxe3
30.Qxe3 Kh7 31.Qe2 Bh6 32.Qxh5 Kg7 33.Bxg6 Qg5 34.Bxf7  1-0

[Event "Scandinavian Chess Tournament"]
[Site "Taby SWE"]
[Date "2007.08.04"]
[Round "1"]
[White "Olsson,L"]
[Black "Backmann,M"]
[Result "1-0"]
[WhiteElo "2377"]
[BlackElo "2115"]

1.Nf3 Nf6 2.c4 g6 3.Nc3 Bg7 4.e4 d6 5.d4 O-O 6.Be2 e5 7.O-O Nc6 8.d5 Ne7
9.Ne1 Nd7 10.Be3 f5 11.f3 f4 12.Bf2 g5 13.a4 Rf6 14.a5 Rh6 15.Nd3 Qe8 16.Be1 a6
17.b4 Kh8 18.Rc1 Ng8 19.Nf2 Rg6 20.Na4 h5 21.c5 Nh6 22.cxd6 cxd6 23.Kh1 Qg8
24.Rc7 Bf6 25.b5 Bd8 26.Rxc8 Rxc8 27.bxa6 bxa6 28.Bxa6 Rb8 29.Be2 g4 30.Nd3 gxf3
31.Bxf3 Ng4 32.Bd2 Rh6 33.Qe2 Qg5 34.Nf2 Ndf6 35.Nh3 Qg7 36.Ra1 Bc7 37.a6 Rg8
38.a7 Nxh2 39.Kxh2 Qg3+ 40.Kg1 Rhg6 41.Kf1 Ng4 42.Bxg4 hxg4 43.Be1 Qb3 44.Nf2 f3
45.Qd3 Qb7 46.gxf3 gxf3 47.Qxf3 Qa6+ 48.Qd3 Qxa7 49.Qh3+ Kg7 50.Ra3 Rf8 51.Nb2 Qd4
52.Nd3 Rf7 53.Ra8 Rh6 54.Qg4+ Rg6 55.Rg8+ Kxg8 56.Qxg6+ Kf8 57.Ke2 Qc4 58.Bd2 Rxf2+
59.Kxf2 Qxd3 60.Bh6+ Ke7 61.Qe6+ Kd8 62.Bg5+  1-0

[Event "US Open"]
[Site "Cherry Hill USA"]
[Date "2007.08.05"]
[Round "9"]
[White "Shapiro,D"]
[Black "Coleman,M"]
[Result "1-0"]
[WhiteElo "2297"]
[BlackElo "2201"]

1.d4 Nf6 2.c4 g6 3.Nc3 Bg7 4.e4 d6 5.Nf3 O-O 6.Be2 e5 7.O-O Nc6 8.d5 Ne7
9.b4 Nh5 10.g3 f5 11.Ng5 Nf6 12.f3 f4 13.Kg2 Nh5 14.g4 Nf6 15.c5 h6 16.Ne6 Bxe6
17.dxe6 d5 18.Nxd5 Nfxd5 19.exd5 Nxd5 20.Bc4 c6 21.e7 Qxe7 22.Bxd5+ cxd5
23.Qxd5+ Kh7 24.Re1 Rad8 25.Qe4 Rd7 26.Re2 h5 27.Bb2 hxg4 28.Rg1 Qh4 29.Kh1 g3
30.Rxg3 Rd1+ 31.Rg1 Rxg1+ 32.Kxg1 Rd8 33.Bc3 Rd1+ 34.Re1 Rd7 35.a3 a6 36.Rf1 Qd8
37.Kh1 Rd1 38.Rxd1 Qxd1+ 39.Kg2 Qc1 40.Be1 Qd1 41.Bf2 Qd7 42.a4 Kh6 43.Qc2 Qc6
44.Qb3 e4 45.b5 axb5 46.axb5 exf3+ 47.Qxf3 Qxb5 48.Qh3+  1-0

[Event "12th Open"]
[Site "Creon FRA"]
[Date "2007.08.05"]
[Round "9"]
[White "Duffau,P"]
[Black "Meera,S"]
[Result "0-1"]
[WhiteElo "2011"]
[BlackElo "2191"]

1.Nf3 Nf6 2.c4 g6 3.Nc3 Bg7 4.e4 d6 5.d4 O-O 6.Be2 e5 7.O-O Nc6 8.d5 Ne7
9.b4 Nh5 10.Nd2 Nf4 11.c5 f5 12.f3 g5 13.Nc4 Rf6 14.cxd6 cxd6 15.Be3 Qe8
16.Kh1 Bd7 17.a4 Rh6 18.Rf2 Nxe2 19.Rxe2 f4 20.Bg1 g4 21.Rc2 g3 22.h3 Qh5
23.Qf1 Rc8 24.Nb5 Ng6 25.Nbxd6 Nh4 26.Nf5 Nxf5 27.exf5 Bxf5 28.Rcc1 e4 29.fxe4 Bxe4  0-1

[Event "HZ Open"]
[Site "Vlissingen NED"]
[Date "2007.08.05"]
[Round "2"]
[White "De Wit,G"]
[Black "Doggers,P"]
[Result "0-1"]
[WhiteElo "2003"]
[BlackElo "2233"]

1.d4 Nf6 2.c4 g6 3.Nc3 Bg7 4.e4 d6 5.Be2 O-O 6.Nf3 e5 7.O-O Nc6 8.d5 Ne7
9.b4 Nh5 10.Re1 f5 11.Ng5 Nf6 12.Bf3 c6 13.Bb2 cxd5 14.cxd5 fxe4 15.Ngxe4 Nxe4
16.Nxe4 Nf5 17.g3 b5 18.Bg2 Bb7 19.h4 h6 20.Qd3 Qb6 21.Re2 Rac8 22.Rd1 Rc4
23.a3 Ne7 24.Nc3 Nf5 25.Ne4 a6 26.Nd2 Rc7 27.Nb3 Rcf7 28.Rdd2 h5 29.Na5 Bc8
30.Be4 Bd7 31.Rc2 Bh6 32.Kg2 Rg7 33.Nc6 g5 34.hxg5 Bxg5 35.Bxe5 dxe5 36.Nxe5 Nd4
37.Nxd7 Rxd7 38.f4 Nxc2 39.Rxc2 Bh6 40.Bf5 Rg7 41.Rc6 Qxc6 42.dxc6 Bxf4 43.Bd7 h4
44.g4 Bc7 45.Qd5+ Kh8 46.Qh5+ Rh7 47.Qd5 h3+ 48.Kg1 h2+ 49.Kg2  0-1

[Event "HZ Open"]
[Site "Vlissingen NED"]
[Date "2007.08.05"]
[Round "2"]
[White "Ikonnikov,Vy"]
[Black "Arp,F"]
[Result "1-0"]
[WhiteElo "2558"]
[BlackElo "2123"]

1.d4 Nf6 2.Nf3 g6 3.c4 Bg7 4.Nc3 O-O 5.e4 d6 6.Be2 e5 7.O-O Nc6 8.d5 Ne7
9.Ne1 Ne8 10.Be3 f5 11.f3 f4 12.Bf2 g5 13.c5 h5 14.a4 Rf6 15.cxd6 cxd6 16.Nb5 a6
17.Na3 Bd7 18.Qb3 b5 19.axb5 axb5 20.Bxb5 Bxb5 21.Qxb5 Rb8 22.Qe2 Rg6 23.Nc4 g4
24.Kh1 g3 25.Bg1 h4 26.h3 Nf6 27.Na5 Qd7 28.Nd3 Nh7 29.Rfc1 Ng5 30.Nc6 Nxc6
31.dxc6 Qe6 32.Nb4 Nxh3 33.Qc4 Ng5 34.c7 Rc8 35.Qxe6+ Nxe6 36.Nd5 Bf8 37.b4 h3
38.b5 Nc5 39.b6  1-0

[Event "2nd It"]
[Site "Edmonton CAN"]
[Date "2007.08.06"]
[Round "8"]
[White "Yanayt,E"]
[Black "Reeve,J"]
[Result "1-0"]
[WhiteElo "2335"]
[BlackElo "2205"]

1.d4 Nf6 2.Nf3 g6 3.c4 Bg7 4.Nc3 O-O 5.e4 d6 6.Be2 e5 7.O-O Nc6 8.d5 Ne7
9.Ne1 Nd7 10.Be3 f5 11.f3 f4 12.Bf2 g5 13.a4 a5 14.Nd3 b6 15.b4 h5 16.c5 axb4
17.cxd6 bxc3 18.dxe7 Qxe7 19.Qb3 Kh8 20.Rfc1 g4 21.Qxc3 Qg5 22.Kh1 Bf6 23.Qxc7 Rg8
24.Ne1 g3 25.Bg1 gxh2 26.Bf2 h4 27.Rc6 h3 28.Bf1 Rg7 29.Qxc8+ Rxc8 30.Rxc8+ Kh7
31.Kxh2 Be7 32.a5 Bb4 33.gxh3 bxa5 34.h4 Qh5 35.Bh3 Nf8 36.Rac1 Rg8 37.R8c7+ Kh8
38.R1c6 Rg7 39.Rc8 Rg8 40.Rf6 Bxe1 41.Bg4 Qh7 42.Bxe1 Qe7 43.Rh6+ Kg7 44.d6  1-0

[Event "Open"]
[Site "Kavala GRE"]
[Date "2007.08.06"]
[Round "3"]
[White "Szuhanek,R"]
[Black "Spasov,V"]
[Result "0-1"]
[WhiteElo "2475"]
[BlackElo "2583"]

1.Nf3 Nf6 2.c4 g6 3.Nc3 Bg7 4.e4 d6 5.d4 O-O 6.Be2 e5 7.O-O Nc6 8.d5 Ne7
9.b4 a5 10.Ba3 b6 11.bxa5 Nh5 12.Bb4 bxa5 13.Ba3 f5 14.Nd2 Nf4 15.c5 Nxe2+
16.Qxe2 Ba6 17.Nc4 fxe4 18.Rfd1 e3 19.fxe3 Nf5 20.e4 Bxc4 21.Qxc4 Ne3 22.Qe2 Nxd1
23.Rxd1 Bh6 24.Nb5 Rf6 25.Rf1 Rb8 26.Rxf6 Qxf6 27.g3 Be3+ 28.Kg2 dxc5 29.Nxc7 Rf8  0-1

[Event "Arctic Chess Challenge"]
[Site "Tromso NOR"]
[Date "2007.08.06"]
[Round "3"]
[White "Brodsky,M"]
[Black "Dworakowski,L"]
[Result "1-0"]
[WhiteElo "2595"]
[BlackElo "2334"]

1.d4 Nf6 2.c4 g6 3.Nc3 Bg7 4.e4 d6 5.Be2 O-O 6.Nf3 e5 7.O-O Nc6 8.d5 Ne7
9.Bd2 Nd7 10.b4 Kh8 11.Rc1 Ng8 12.c5 dxc5 13.bxc5 Nxc5 14.Be3 b6 15.Bxc5 bxc5
16.Na4 Qd6 17.Nxc5 c6 18.dxc6 Qxc6 19.a4 Qb6 20.h3 a6 21.Qd5 Ra7 22.Nxe5 Ne7
23.Nxf7+ Kg8 24.Qd6 Qb2 25.Bc4 Rxf7 26.Qd8+ Bf8 27.Bxf7+ Kxf7 28.Nd3 Qb8
29.f4 Kg8 30.Ne5 Rb7 31.Rfd1 Rb2 32.Qc7 Qb4 33.Qc5 Qxc5+ 34.Rxc5 Be6 35.Rc7 Rb8
36.Rd6 Bb3 37.Rxa6 Nc8 38.Nd7  1-0

[Event "Jihlavanka Cup GMB"]
[Site "Olomouc CZE"]
[Date "2007.08.07"]
[Round "9"]
[White "Mankeyev,Raua"]
[Black "Reutsky,S"]
[Result "1/2-1/2"]
[WhiteElo "2402"]
[BlackElo "2360"]

1.c4 Nf6 2.Nc3 g6 3.e4 d6 4.d4 Bg7 5.Be2 O-O 6.Nf3 e5 7.O-O Nc6 8.d5 Ne7
9.b4 Nh5 10.g3 f5 11.Ng5 Nf6 12.f3 Kh8 13.Be3 Nh5 14.Bf2 Bf6 15.Ne6 Bxe6
16.dxe6 Ng7 17.c5 Nxe6 18.cxd6 cxd6 19.Nb5 Nc6 20.Qxd6 Ned4 21.Bxd4 exd4
22.Rab1 a6 23.Qxd8 Raxd8 24.Nc7 d3 25.Bd1 fxe4 26.Ne6 e3 27.Re1 Rfe8 28.Nxd8 Rxd8
29.Kg2 Bd4 30.b5 axb5 31.Rxb5 b6 32.Rb3 Be5 33.f4 Na5 34.Rb1 Nc4 35.Bb3 Nd2
36.Rbd1 Nxb3 37.axb3 d2 38.Rg1 Bd6 39.b4 Bxb4 40.Kf3 Bc5 41.Rg2 Rd3 42.Rgg1 b5
43.Ke2 b4 44.Ra1 Kg7 45.g4 Ra3 46.Rab1 Ra2 47.Rg3 Ra3 48.h4 Rc3 49.f5 gxf5
50.gxf5+ Kf6 51.Rgg1 b3 52.Rgf1 Ba3 53.Ra1 Rc1 54.Kxe3 Rxf1 55.Rxf1 Bc1 56.Kd3 b2
57.Kc2  1/2-1/2

[Event "12th WY U16 Ol"]
[Site "Singapore SIN"]
[Date "2007.08.07"]
[Round "5"]
[White "Asbjornsson,I"]
[Black "Tanaka,C"]
[Result "0-1"]
[WhiteElo "2028"]
[BlackElo "2114"]

1.Nf3 Nf6 2.c4 g6 3.Nc3 Bg7 4.e4 d6 5.d4 O-O 6.Be2 e5 7.O-O Nc6 8.d5 Ne7
9.b4 Nh5 10.Re1 f5 11.Ng5 Nf6 12.Bf3 Kh8 13.Bb2 c6 14.Rc1 Bh6 15.h4 fxe4
16.Ncxe4 cxd5 17.Nxf6 Rxf6 18.c5 Nf5 19.Bxd5 Nxh4 20.Nf7+ Rxf7 21.Bxf7 Qg5
22.Bd5 Bh3 23.cxd6 Bg7 24.f4 exf4 25.Bxg7+ Kxg7 26.Re7+ Kh6 27.Rcc7 Rh8 28.Qd2 Bxg2
29.Re5 Qg4 30.Rc3 Bf3+  0-1

[Event "Arctic Chess Challenge"]
[Site "Tromso NOR"]
[Date "2007.08.07"]
[Round "4"]
[White "Romsdal,T"]
[Black "Sarakauskas,G"]
[Result "0-1"]
[WhiteElo "2199"]
[BlackElo "2450"]

1.Nf3 Nf6 2.d4 g6 3.c4 Bg7 4.Nc3 O-O 5.e4 d6 6.Be2 e5 7.O-O Nc6 8.d5 Ne7
9.b4 Nh5 10.Re1 f5 11.Ng5 Nf6 12.f3 Nh5 13.c5 Nf4 14.Bxf4 exf4 15.Rc1 fxe4
16.fxe4 h6 17.Ne6 Bxe6 18.dxe6 dxc5 19.Nd5 c6 20.Nxe7+ Qxe7 21.bxc5 Rad8
22.Qb3 Kh7 23.e5 Rd5 24.Bd3 Rxe5 25.Kh1 Rh5 26.Be4 Re8 27.Qd3 Qf6 28.Bf3 Re5
29.Bg4 Re7 30.Qd6 Rd5 31.Rcd1 Rxd1 32.Qxd1 h5 33.Bh3 Kh6 34.Qd6 g5 35.Bf5 Bf8
36.Bc2 Kg7 37.Qd3 Kh8 38.Qe4 Rg7 39.a4 Bxc5 40.Qe2 g4 41.Qe5 Qxe5 42.Rxe5 Bd6
43.Rxh5+ Kg8 44.Rf5 Re7 45.Rg5+ Kf8 46.Bf5 g3 47.hxg3 fxg3 48.Kg1 b5 49.Rg4 b4
50.Kf1 Rb7 51.Rh4 Be5 52.Re4 Bf6 53.Rc4 b3 54.Rxc6 b2 55.Bb1 Rb4 56.Ke2 Rxa4
57.Rc7 Be7 58.Rb7 Rf4 59.Kd3 Rf2 60.Bc2 Rxg2 61.Rxb2 Rf2  0-1

[Event "6th Int Open"]
[Site "Davos SUI"]
[Date "2007.08.08"]
[Round "3"]
[White "Meyer,Kar"]
[Black "Maurer,F"]
[Result "0-1"]
[WhiteElo "1730"]
[BlackElo "2070"]

1.d4 Nf6 2.c4 g6 3.Nc3 Bg7 4.Nf3 O-O 5.e4 d6 6.Be2 e5 7.O-O Nc6 8.d5 Ne7
9.Be3 Ng4 10.Bg5 f6 11.Bh4 g5 12.Bg3 Nh6 13.h3 Ng6 14.Nh2 f5 15.f3 Nf4 16.b4 Rf7
17.c5 Bf8 18.Bf2 Rg7 19.exf5 Nxf5 20.Ne4 h5 21.Rc1 Nh4 22.Kh1 Nhxg2 23.Rg1 Nxe2
24.Qxe2 Nf4 25.Qc4 Bxh3 26.cxd6 cxd6 27.Nf1 Rc8  0-1

[Event "Open"]
[Site "Olomouc CZE"]
[Date "2007.08.08"]
[Round "8"]
[White "Cerveny,P"]
[Black "Aguettaz,M"]
[Result "1/2-1/2"]
[WhiteElo "2295"]
[BlackElo "2356"]

1.d4 Nf6 2.c4 g6 3.Nc3 Bg7 4.e4 d6 5.Nf3 O-O 6.Be2 e5 7.O-O Nc6 8.d5 Ne7
9.Kh1 Nd7 10.g4 a5 11.Rg1 Nc5 12.Be3 Bd7 13.Qd2 c6 14.Rg3 f6 15.Rag1 Rb8
16.Nh4 b5 17.dxc6 Bxc6 18.f3 b4 19.Nd1 Rb7 20.Nf2 Rd7 21.Bd1 Rf7 22.Bc2 Nc8
23.Ng2 Nb6 24.b3 g5 25.h4 h6 26.a3 bxa3 27.Qxa5 Ra7 28.Qc3 Ne6 29.Ra1 Nd4
30.Bd1 Qa8 31.Ra2 Nd7 32.b4  1/2-1/2

[Event "Open"]
[Site "Dubna RUS"]
[Date "2007.08.10"]
[Round "11"]
[White "Arakelov,I"]
[Black "Zuzin,V"]
[Result "1-0"]
[WhiteElo "2389"]
[BlackElo "2265"]

1.d4 Nf6 2.c4 g6 3.Nc3 Bg7 4.e4 O-O 5.Nf3 d6 6.Be2 e5 7.O-O Nc6 8.d5 Ne7
9.Ne1 Nd7 10.Be3 f5 11.f3 f4 12.Bf2 g5 13.a4 h5 14.a5 Nf6 15.c5 Rf7 16.cxd6 cxd6
17.Nb5 a6 18.Bb6 Qd7 19.Nc7 Rb8 20.Rc1 Ne8 21.Ne6 Bf6 22.Nd3 Ng6 23.Nf2 Nf8
24.Nh3 Qe7 25.Bd8 Qd7 26.Bxf6 Rxf6 27.Nhxg5 Qe7 28.Nxf8 Kxf8 29.h4 Kg7 30.Qb3 Qd8
31.Qb4 Bd7 32.Rc2 b6 33.Ra1 bxa5 34.Qxa5  1-0

[Event "Open"]
[Site "Dubna RUS"]
[Date "2007.08.10"]
[Round "12"]
[White "Kostin,K"]
[Black "Zasypkin,Alexe"]
[Result "0-1"]
[WhiteElo "2259"]
[BlackElo "2103"]

1.c4 Nf6 2.Nf3 g6 3.Nc3 d6 4.d4 Bg7 5.e4 O-O 6.Be2 e5 7.O-O Nc6 8.d5 Ne7
9.Ne1 Nd7 10.Be3 f5 11.f3 f4 12.Bf2 g5 13.Rc1 b6 14.b4 Rf6 15.c5 bxc5 16.bxc5 Nxc5
17.Bxc5 dxc5 18.Nd3 Rh6 19.Na4 Qe8 20.Nf2 Qh5 21.h3 Qh4 22.Qe1 c6 23.Nxc5 cxd5
24.exd5 Kh8 25.Rd1 Nf5 26.Nfe4 Ne3 27.Qxh4 gxh4 28.d6 Rg6 29.g4 hxg3 30.d7 Bxd7
31.Rxd7 Nxf1 32.Bxf1 h6 33.Bc4 Rc8 34.Bd3 Bf8 35.Nb3 Rg7 36.Rd5 Re7 37.Nd6 Rcc7
38.Bf5 Rc3 39.Nd2 Ra3 40.N6e4 Rxa2 41.Rd8 Kg8 42.Nc5 Kf7 43.h4 Ra1+ 44.Kg2 Rc1
45.Nd3 Rc2 46.Nb4 Rb2 47.Nc6 Rc7 48.Be4 Rxc6 49.Bxc6 Bb4 50.Rd7+ Ke6 51.Rxa7 Rxd2+
52.Kf1 Rf2+ 53.Kg1 Bc5 54.Bd7+ Kd6  0-1

[Event "Open"]
[Site "Kavala GRE"]
[Date "2007.08.10"]
[Round "7"]
[White "Kotanjian,T"]
[Black "Dembo,Y"]
[Result "1-0"]
[WhiteElo "2559"]
[BlackElo "2464"]

1.d4 Nf6 2.c4 g6 3.Nc3 Bg7 4.e4 d6 5.Nf3 O-O 6.Be2 e5 7.O-O Nc6 8.d5 Ne7
9.b4 a5 10.Ba3 axb4 11.Bxb4 Nd7 12.a4 Bh6 13.a5 f5 14.Nd2 Nf6 15.c5 Bxd2
16.Qxd2 fxe4 17.Bc4 Kh8 18.Rfe1 Bf5 19.h3 Neg8 20.cxd6 cxd6 21.Ra3 h5 22.Nb5 Ne8
23.f3 Rc8 24.Bf1 Qf6 25.g4 Bd7 26.g5 Qe7 27.Rxe4 Bxb5 28.Bxb5 Rf5 29.h4 Nc7
30.Be2 Na6 31.Rc3 Rcf8 32.Bxa6 bxa6 33.Rc6 Rxf3 34.Bxd6 Qa7+ 35.Rb6 Qf7 36.Bxe5+ Kh7
37.Re2 Qd7 38.Re6 Qa4 39.Bd4 Qb3 40.Bf2 Rd3 41.Qc2 Qxd5 42.Qc7+ Kh8 43.Qe5+ Qxe5
44.R2xe5 Rd1+ 45.Be1 Rf4 46.Kg2 Rg4+ 47.Kf3 Kg7 48.Rxa6 Rd7 49.Rae6 Kf7 50.Re4 Rd3+
51.Ke2 Ra3 52.Rxg4 hxg4 53.Re4 Ra2+ 54.Kd3 g3 55.Rg4 g2 56.Bd2 Ra4 57.Rxg2 Rxh4
58.Rf2+ Ke6 59.Rf4 Rh3+ 60.Be3 Ne7 61.a6 Nc6 62.Ra4 Ne5+ 63.Ke4 Rh8 64.a7  1-0

[Event "LNA Copa Puma"]
[Site "Argentina ARG"]
[Date "2007.08.11"]
[Round "1"]
[White "Scarella,E"]
[Black "Franco,G"]
[Result "1-0"]
[WhiteElo "2344"]
[BlackElo "2004"]

1.Nf3 Nf6 2.c4 g6 3.Nc3 Bg7 4.e4 d6 5.d4 O-O 6.Be2 e5 7.O-O Nc6 8.Be3 Ng4
9.Bg5 f6 10.Bc1 f5 11.Bg5 Bf6 12.Bxf6 Nxf6 13.dxe5 fxe4 14.exf6 exf3 15.f7+ Rxf7
16.Bxf3 Be6 17.Re1 Ne5 18.Bxb7 Rb8 19.Bd5 Bxd5 20.Qxd5 Qh4 21.Re2 Nxc4 22.g3 Qg4
23.h3  1-0

[Event "Open"]
[Site "Callao PER"]
[Date "2007.08.11"]
[Round "4"]
[White "Retamozo,H"]
[Black "Roselli Mailhe,B"]
[Result "0-1"]
[WhiteElo "2235"]
[BlackElo "2412"]

1.c4 g6 2.Nf3 Bg7 3.d4 Nf6 4.Nc3 d6 5.e4 O-O 6.Be2 e5 7.O-O Nc6 8.d5 Ne7
9.b4 Ne8 10.a4 f5 11.c5 Nf6 12.Nd2 f4 13.Nc4 g5 14.h3 Ng6 15.Ba3 Rf7 16.b5 Bf8
17.b6 dxc5 18.bxc7 Qxc7 19.d6 Qd8 20.Bxc5 f3 21.Bxf3 Be6 22.Ne3 Rc8 23.Bxa7 Rxc3
24.Qd2 Rc8 25.Nf5 b6 26.Qxg5 Rxa7 27.h4 Kh8 28.h5 Nf4 29.Rfd1 Rf7 30.Ne7 Rc5
31.Nc6 Qe8 32.a5 bxa5 33.Rxa5 Rxa5 34.Nxa5 Nh3+ 35.gxh3 Rg7 36.h4 h6 37.Qxg7+ Kxg7
38.Nb7 Qc8  0-1

[Event "Open"]
[Site "Callao PER"]
[Date "2007.08.11"]
[Round "4"]
[White "Ramos,Er"]
[Black "Cori T.,D"]
[Result "1-0"]
[WhiteElo "2245"]
[BlackElo "2144"]

1.d4 Nf6 2.c4 g6 3.Nc3 Bg7 4.e4 d6 5.Nf3 O-O 6.Be2 e5 7.O-O Nc6 8.dxe5 Nxe5
9.Bg5 c6 10.Qd2 Be6 11.b3 Nxf3+ 12.Bxf3 Qa5 13.Rac1 Rfe8 14.Rfd1 Ng4 15.h3 Ne5
16.Be2 f5 17.exf5 Bxf5 18.g4 Nf7 19.Be3 Bd7 20.Bf3 Rad8 21.Bg2 h5 22.f3 Bc8
23.Rc2 a6 24.Bd4 hxg4 25.fxg4 Ng5 26.Bxg7 Kxg7 27.Qd4+ Re5 28.Rf2 Be6 29.Qf4 Rd7
30.Qf8+ Kh7 31.Ne2 Bf7 32.h4 Qc5 33.Nd4 Re8 34.Rxf7+ Nxf7 35.Qxe8 Ne5 36.Kh1  1-0

[Event "RC Sport Open"]
[Site "Ceska Trebova CZE"]
[Date "2007.08.12"]
[Round "4"]
[White "Cerveny,P"]
[Black "Holasek,P"]
[Result "1/2-1/2"]
[WhiteElo "2295"]
[BlackElo "2113"]

1.Nf3 Nf6 2.c4 g6 3.Nc3 Bg7 4.e4 d6 5.d4 O-O 6.Be2 e5 7.O-O Nc6 8.d5 Ne7
9.Kh1 Ne8 10.a4 a5 11.Ne1 f5 12.Nd3 Nf6 13.exf5 gxf5 14.f4 Ng6 15.Be3 b6
16.Qe1 Kh8 17.Qg3 Qe7 18.Rae1 Rg8 19.Qf2 Ne4 20.Qg1 Nxc3 21.bxc3 e4 22.Nc1  1/2-1/2

[Event "Independence Cup A"]
[Site "Kyiv UKR"]
[Date "2007.08.13"]
[Round "1"]
[White "Henrichsen,J"]
[Black "Ataiev,A"]
[Result "0-1"]
[WhiteElo "2018"]
[BlackElo "2264"]

1.d4 Nf6 2.c4 g6 3.Nc3 Bg7 4.e4 d6 5.Be2 O-O 6.Nf3 e5 7.O-O Nc6 8.d5 Ne7
9.Ne1 Nd7 10.Be3 f5 11.f3 f4 12.Bf2 g5 13.a4 a5 14.Nd3 b6 15.b4 axb4 16.Nb5 Nc5
17.Nxb4 Bd7 18.Nd3 Nxd3 19.Bxd3 h5 20.Kh1 g4 21.Be1 g3 22.hxg3 fxg3 23.Bxg3 Ng6
24.Be1 h4 25.a5 Nf4 26.Rg1 Rf6 27.a6 Rg6 28.a7 Nh5 29.Ra2 Bh6 30.Bd2 Bf4
31.Bxf4 Nxf4 32.Bb1 Nh5 33.Ra3 Ng3+ 34.Kh2 h3 35.f4 hxg2 36.Rxg3 Qh4+ 37.Kxg2 Qxg3+  0-1

[Event "Petrovskaya Ladya IM1"]
[Site "Peterhof RUS"]
[Date "2007.08.13"]
[Round "12"]
[White "Kaliberda,V"]
[Black "Bocharov,L"]
[Result "1-0"]
[WhiteElo "2337"]
[BlackElo "2229"]

1.d4 Nf6 2.c4 g6 3.Nc3 Bg7 4.e4 O-O 5.Nf3 d6 6.Be2 e5 7.O-O Nc6 8.d5 Ne7
9.b4 Nh5 10.Re1 f5 11.Nd2 Nf6 12.f3 f4 13.c5 g5 14.Nc4 Rf7 15.Nb5 Ne8 16.a4 Bf8
17.a5 a6 18.cxd6 cxd6 19.Nb6 Rb8 20.Nc3 g4 21.fxg4 Rg7 22.Nxc8 Qxc8 23.Na4 Nf6
24.Bf3 Ng6 25.Bd2 Nh4 26.Rf1 Qc4 27.Be1 Nxf3+ 28.gxf3 h5 29.h3 hxg4 30.hxg4 Nxg4
31.fxg4 Qxe4 32.Ra2 Re8 33.Qf3 Qd4+ 34.Kh1 e4 35.Qxf4 Qxd5 36.Nc3 Qc4 37.Re2 d5
38.Qf5 d4 39.Rxe4 Qc6 40.Nd5 Qh6+ 41.Kg2  1-0

[Event "Independence Cup A"]
[Site "Kyiv UKR"]
[Date "2007.08.14"]
[Round "2"]
[White "Lutsko,I"]
[Black "Ataiev,A"]
[Result "1-0"]
[WhiteElo "2418"]
[BlackElo "2264"]

1.Nf3 g6 2.d4 Bg7 3.c4 Nf6 4.Nc3 O-O 5.e4 d6 6.Be2 e5 7.O-O Nc6 8.d5 Ne7
9.b4 Nh5 10.Qc2 f5 11.Rd1 f4 12.c5 Bg4 13.Ng5 Bf6 14.Bxg4 Bxg5 15.a4 Ng7
16.a5 h5 17.Bh3 Bf6 18.f3 g5 19.Bd2 Kh8 20.cxd6 cxd6 21.Nb5 Ng8 22.Qc7 a6
23.Qxd8 Raxd8 24.Nc7 Nh6 25.Be6 g4 26.b5 axb5 27.Rab1 gxf3 28.gxf3 Nxe6 29.dxe6 Rg8+
30.Kf1 Rg7 31.Nd5 Ng8 32.Be1 Re8 33.Rxb5 Rxe6 34.Rdb1 Be7 35.Rxb7 Reg6 36.a6 Rg2
37.Nxe7  1-0

[Event "Romanian Open"]
[Site "Predeal ROM"]
[Date "2007.08.14"]
[Round "4"]
[White "Gleizerov,E"]
[Black "Marinescu,Mi"]
[Result "1-0"]
[WhiteElo "2559"]
[BlackElo "2218"]

1.d4 Nf6 2.c4 g6 3.Nc3 Bg7 4.e4 d6 5.Nf3 O-O 6.Be2 e5 7.O-O Nc6 8.d5 Ne7
9.Nd2 c5 10.dxc6 bxc6 11.b4 d5 12.Ba3 Bh6 13.Bf3 d4 14.Na4 Nh5 15.g3 Rb8
16.Nc5 Ng7 17.Nd3 Qc7 18.Re1 Ne6 19.Bg2 Bg7 20.c5 f5 21.f3 f4 22.Nc4 h5 23.Nd6 Bd7
24.Nb2 Kh7 25.Nbc4 Ng5 26.gxf4 Rxf4 27.Bc1 Ne6 28.Nb2 Rh4 29.Nd3 Rf8 30.Qc2 Ng8
31.Nc4 g5 32.Nd6 Nf4 33.Bxf4 gxf4 34.Nf5 Bxf5 35.exf5 Kh8 36.Qc4 Nh6 37.Qe6 Nxf5
38.Nxe5 Rf6 39.Qe8+ Kh7 40.Bf1 Ne3 41.Bd3+ Kh6 42.Kh1 Ng4 43.fxg4 hxg4 44.Nxg4+ Rxg4
45.Re7 Rf8 46.Qxf8 Bxf8 47.Rxc7 Kg5 48.Rg1  1-0

[Event "Open"]
[Site "Ptuj SLO"]
[Date "2007.08.15"]
[Round "5"]
[White "Jelen,Ig"]
[Black "Bohak,J"]
[Result "1-0"]
[WhiteElo "2371"]
[BlackElo "2158"]

1.d4 Nf6 2.c4 g6 3.Nc3 Bg7 4.e4 d6 5.Nf3 O-O 6.Be2 e5 7.O-O Nc6 8.d5 Ne7
9.b4 Nh5 10.Re1 f5 11.Ng5 Nf6 12.f3 c6 13.Qb3 cxd5 14.exd5 e4 15.Bb2 exf3
16.Bxf3 Ng4 17.Bxg4 fxg4 18.c5 Bd4+ 19.Kh1 Nf5 20.Nce4 Bxb2 21.Qxb2 h6 22.Ne6 Bxe6
23.dxe6 dxc5 24.bxc5 Qh4 25.Qb3 Kh8 26.Rad1 Rae8 27.Qc3+ Kg8 28.g3 Qh5 29.Nf6+ Rxf6
30.Qxf6 Nxg3+ 31.Kg2 Rf8 32.Qxf8+ Kxf8 33.e7+  1-0

[Event "Acropolis Open"]
[Site "Athens GRE"]
[Date "2007.08.17"]
[Round "4"]
[White "Petritaj,Fo"]
[Black "Erdogdu,M"]
[Result "0-1"]
[WhiteElo "2250"]
[BlackElo "2423"]

1.d4 Nf6 2.c4 g6 3.Nc3 Bg7 4.e4 d6 5.Nf3 O-O 6.Be2 e5 7.O-O Nc6 8.d5 Ne7
9.Ne1 Nd7 10.Nd3 f5 11.Bd2 Kh8 12.b4 Nf6 13.f3 c6 14.Qb3 a6 15.Be3 cxd5 16.cxd5 Neg8
17.Nb2 Bh6 18.Bf2 fxe4 19.Nxe4 Nxe4 20.fxe4 Nf6 21.Be3 Bxe3+ 22.Qxe3 Bd7
23.Rac1 Kg7 24.a4 Rc8 25.Rxc8 Bxc8 26.a5 Bg4 27.Nc4 Bxe2 28.Qxe2 Qc7 29.g3 Rc8
30.Qf3 Qe7 31.Ne3 h5 32.h3 Nh7 33.h4 Qc7 34.Rf2 Rf8 35.Qe2 Qc1+ 36.Kg2 Rxf2+
37.Kxf2 Nf6 38.Kf3 Qh1+ 39.Qg2 Qb1 40.Qc2 Qxb4 41.Qc7+ Kh6 42.Qe7 Qxe4+ 43.Ke2 Qxe3+  0-1

[Event "LNA Copa Puma"]
[Site "Argentina ARG"]
[Date "2007.08.18"]
[Round "2"]
[White "Lopez,Di"]
[Black "Converset,J"]
[Result "1/2-1/2"]
[WhiteElo "2114"]
[BlackElo "2243"]

1.d4 Nf6 2.c4 g6 3.Nc3 Bg7 4.e4 O-O 5.Nf3 d6 6.Be2 e5 7.O-O Nc6 8.d5 Ne7
9.Ne1 Nd7 10.f3 f5 11.g4 Kh8 12.h4 Nf6 13.Nd3 c5 14.Kg2 Neg8 15.g5 Nh5 16.f4 fxe4
17.Nxe4 Bf5 18.Ng3 Bxd3 19.Bxd3 Nxf4+ 20.Bxf4 Rxf4 21.Rxf4 exf4 22.Ne4 Qd7
23.h5 Rf8 24.Qf3 Ne7 25.Rh1 Kg8 26.hxg6 hxg6 27.Nf2 Nf5 28.Ng4 Ne3+ 29.Nxe3 fxe3
30.Qxe3 Qg4+ 31.Qg3 Qd4 32.Rf1 Qxb2+ 33.Rf2 Rxf2+ 34.Qxf2 Qc1 35.Bxg6 Qxg5+
36.Qg3 Qd2+ 37.Qf2 Qg5+ 38.Qg3 Qd2+ 39.Qf2 Bh6 40.Qxd2 Bxd2 41.Bf5 Kf7 42.Bc8 b6
43.Kf3  1/2-1/2

[Event "LNA Copa Puma"]
[Site "Argentina ARG"]
[Date "2007.08.18"]
[Round "2"]
[White "Fiori,H"]
[Black "Sanduay,N"]
[Result "0-1"]
[WhiteElo "2170"]
[BlackElo "2003"]

1.Nf3 Nf6 2.c4 g6 3.Nc3 Bg7 4.e4 d6 5.d4 e5 6.Be2 O-O 7.O-O Nc6 8.d5 Ne7
9.Ne1 Nd7 10.Nd3 f5 11.f3 f4 12.g4 g5 13.Bd2 Nf6 14.c5 h5 15.h3 hxg4 16.hxg4 Ng6
17.Be1 Rf7 18.Kg2 Bf8 19.b4 Bd7 20.Rh1 Nh4+ 21.Bxh4 gxh4 22.Qf1 Rh7 23.Qf2 h3+
24.Rxh3 Rxh3 25.Kxh3 Nh5 26.Qh4 Qxh4+ 27.Kxh4 Be7+ 28.Kh3 Kg7 29.Kg2 Ng3
30.Bd1 a5 31.cxd6 cxd6 32.bxa5 Rxa5 33.Bb3 Bd8 34.Rc1 Kf7 35.Rc2 Bb6 36.Nb2 Bd8
37.Nc4 Ra6 38.Nb2 Ke8 39.Nc4 b5 40.Nb2 b4 41.Nb1 Bb5 42.Nc4 Kd7 43.Ne3 Bd3
44.Rc1 Ne2 45.Rd1 fxe3  0-1